Sprint Car trivia - Statistics

General Stats
  • This quiz has been taken 42 times
    32 since last reset
  • The average score is 4 of 12
Answer Stats
Hint Answer % Correct
The grand daddy of them all Knoxville Nationals
76%
Where the Ironman 55 is I-55
72%
very long straights in pennsylvania Williams grove
72%
Eldora speedway. Winner gets crown Kings Royal
64%
The highest paid race ever Eldora million
32%
High banking (David gravel sponsor) Huesets speedway
32%
Biggest race indoors during january Chilli Bowl Nationals
28%
The track where the season starts Volusia speedway park
16%
Race held the Sunday before Knoxville Nationals Capatani Classic
12%
Jason Johnson classic Lake Ozark speedway
4%
3 day event held the week after Knoxville Jackson Nationals
0%
Dirt car nationals The Dirt Track at Charolette
0%
No matching quizzes found
Score Distribution
Percent of People with Each Score
Percentile by Number Answered
Your Score History
You have not taken this quiz since the last reset